Положение беженцев в Александропольском районе : (Record no. 484814)
[ view plain ]
| 000 -LEADER | |
|---|---|
| fixed length control field | 01073nam a2200193 a 4500 |
| 001 - CONTROL NUMBER | |
| control field | 000003089 |
| 003 - CONTROL NUMBER IDENTIFIER | |
| control field | AM-YeHGA |
| 005 - DATE AND TIME OF LATEST TRANSACTION | |
| control field | 20250618075659.0 |
| 008 - FIXED-LENGTH DATA ELEMENTS--GENERAL INFORMATION | |
| fixed length control field | 021121s1915 aj r 000 0 rus d |
| 040 ## - CATALOGING SOURCE | |
| Original cataloging agency | AM-YeHGA |
| 090 ## - LOCALLY ASSIGNED LC-TYPE CALL NUMBER (OCLC); LOCAL CALL NUMBER (RLIN) | |
| -- | 488179 |
| 100 1# - MAIN ENTRY--PERSONAL NAME | |
| Personal name | Иоаннисян, Ашот Гарегинович |
| 245 10 - TITLE STATEMENT | |
| Title | Положение беженцев в Александропольском районе : |
| Remainder of title | (Доклад уполномоч. бакин. Ком-та помощи беженцам без различия национальности А.Г. Иоаннисяна, сделанный им на заседании Комитета 3 окт. 1915 г.). |
| 260 ## - PUBLICATION, DISTRIBUTION, ETC. | |
| Place of publication, distribution, etc. | Баку : |
| Name of publisher, distributor, etc. | Тип. Первого Типогр. Т-ва, |
| Date of publication, distribution, etc. | 1915. |
| 300 ## - PHYSICAL DESCRIPTION | |
| Extent | 19 с. ; |
| -- | 22 см. |
| 650 14 - SUBJECT ADDED ENTRY--TOPICAL TERM | |
| Topical term or geographic name entry element | Беженцы |
| Active dates | 1915 год |
| Geographic subdivision | Александропольский район |
| 650 14 - SUBJECT ADDED ENTRY--TOPICAL TERM | |
| Topical term or geographic name entry element | История армянского народа |
| 9 (RLIN) | 5523 |
| 710 2# - ADDED ENTRY--CORPORATE NAME | |
| Corporate name or jurisdiction name as entry element | Бакинский Комитет помощи беженцам без раличия национальности |
| Withdrawn status | Lost status | Source of classification or shelving scheme | Damaged status | Not for loan | Collection | Home library | Current library | Date acquired | Total checkouts | Full call number | Barcode | Date last seen | Price effective from | Koha item type | Public note |
|---|---|---|---|---|---|---|---|---|---|---|---|---|---|---|---|
| Universal Decimal Classification | General | Fundamental Scientific Library | Fundamental Scientific Library | 04/04/2019 | РД II/56899 | FL0570834 | 04/04/2019 | 04/04/2019 | Գրքեր / Books | 30 Days Loan |
ՀՀ Գիտությունների ազգային ակադեմիայի հիմնարար գիտական գրադարան = Fundamental Scientific Library of NAS RA
All site content, except where otherwise noted, is licensed under a